| 000 | 00732nam a2200229Ia 4500 | ||
|---|---|---|---|
| 008 | 191130s2002##################000#0#eng## | ||
| 020 | _a9780199252787 | ||
| 040 |
_aACL _cACL |
||
| 082 | _a307.76094 GAL | ||
| 100 | _aLe Galès, Patrick | ||
| 245 |
_aEuropean cities : social conflicts and governance _cPatrick Le Galès |
||
| 260 |
_aOxford _bOxford University Press _c2002 |
||
| 300 | _avii, 328 p. : ill. ; 24 cm | ||
| 500 | _aBibliography : p. [277]-315. ; Includes index | ||
| 650 | _aCities and towns --Europe | ||
| 650 | _aEuropean cooperation | ||
| 650 | _aMunicipal government --Europe | ||
| 650 | _aUrban policy --Europe | ||
| 990 | _a8670b163ac10000c4ca0a94290d698fd | ||
| 991 | _a198145 | ||
| 999 |
_c177986 _d177986 |
||